| 000 | 03568nam a2200481 i 4500 | ||
|---|---|---|---|
| 001 | 153174 | ||
| 003 | ES-MaACL | ||
| 005 | 20251009200030.0 | ||
| 008 | 941007s1784 sp |||| | spa d | ||
| 110 | 2 |
_aReal Sociedad Económica Matritense de Amigos del País. _96389 |
|
| 245 | 1 | 0 |
_aColeccion de las memorias premiadas y de las que se acordó se imprimiesen sobre los quatro asuntos, que por encargo particular publicó la Real Sociedad Economica de amigos del país de esta Corte en el suplemento de la gazeta de 14 de agosto de 1781 : _btratan del exercicio de la caridad y socorro de los verdaderos pobres, corrección de ociosos, destierro de la mendicidad voluntaria y fomento de la industria y aplicaciones. |
| 260 |
_aMadrid : _ben la Imprenta Real, _c1784. |
||
| 300 |
_a5 pt. ([4], XXXI, [4] p., [1] en bl. ; 395 p., [3], en bl. ; [2], 17 p., [1] en bl. ; [2], 55 p., [1] en bl. ; [2], 17 p., [1] en bl.) ; _c4º. |
||
| 505 | 8 | _aContiene: pt. 1. Discurso preliminar e Índice -- pt. 2. Memorias sobre el exercicio discreto de la virtud de la caridad en el repartimiento de la limosna / Juan Sempere y Guarinos ; R.P. Fr. Miguel López ; Mariano García Zamora ; Lesmes Antonio del Mazo ; Francisco Rodríguez Nuño ; Fernando López de Cárdenas ; Santos Díez González ; P. Fr. Francisco Gallego ; Félix Antonio de Bobes ; Jaime Raluy y Aguilón ; Pedro Antonio Sánchez ; Vicente Miguel de Ortega ; Abate Vincencio Pico -- pt. 3. Memoria unica sobre la influencia que tiene en las costumbres la general aplicación al trabajo... / Eugenio Antonio del Riego -- pt. 4. Memorias sobre los medios de desterrar la costumbre de acudir en tropas mugeres y muchachos a pedir limosna a los forasteros / Manuel José Marín y Borda y José Julián de Azcoytia -- pt. 5. Memoria unica sobre la comodidad y limpieza de las casas, calles y salidas de los pueblos, como estimule á la civilidad é industria, medios practicos para promover esta limpieza y comodidad pública, y obligacion en quanto á esto de las personas principales de los mismos pueblos: asunto quarto de los quatro... / Eugenio Antonio del Riego | |
| 530 | _aDisponible en formato digital. | ||
| 597 | _aAntep. | ||
| 597 | _aPort. con grab. xil. real. | ||
| 597 | _aCada parte con port. y pag. propias. | ||
| 597 | _aSign.: [ ]2, b-e4, A-3C4, 3D2; []1, A4, B5; [ ]1, A-G4; A-B4, C2. | ||
| 650 | 4 |
_aMendicidad- _zEspaña. _9174640 |
|
| 650 | 4 |
_aBeneficencia- _zEspaña- _yS.XVIII. _9172819 |
|
| 650 | 4 |
_aVagancia (Derecho) _9167522 |
|
| 650 | 4 |
_aLimpieza urbana. _9148913 |
|
| 700 | 1 |
_aSampere y Guarinos, Juan. _9102198 |
|
| 700 | 1 |
_aLópez, Miguel, _ds. XVIII _9174641 |
|
| 700 | 1 |
_aGarcía Zamora, Mariano. _955458 |
|
| 700 | 1 |
_aMazo, Lesmes Antonio del. _979481 |
|
| 700 | 1 |
_aRodríguez Nuño, Francisco. _998702 |
|
| 700 | 1 |
_aLópez de Cárdenas, Fernando. _973533 |
|
| 700 | 1 |
_aDíez González, Santos. _944741 |
|
| 700 | 1 |
_aGallego, Francisco, _ds. XVIII _9174644 |
|
| 700 | 1 |
_aBobes, Félix Antonio de. _929646 |
|
| 700 | 1 |
_aRaluy y Aguilón, Jaime. _9174642 |
|
| 700 | 1 |
_aSánchez, Pedro Antonio. _9102419 |
|
| 700 | 1 |
_aOrtega, Vicente Miguel de. _9174643 |
|
| 700 | 1 |
_aRiego, Eugenio Antonio del. _997085 |
|
| 700 | 1 |
_aMarín y Borda, Manuel José. _9174645 |
|
| 700 | 1 |
_aAzcoitia, José Julián. _9174646 |
|
| 710 | 2 |
_aImprenta Real (Madrid) _9134468 |
|
| 852 | 4 |
_aES-MaACL _jR-208 _z- Enc. hol. _x- Olim: F-23 |
|
| 856 | 4 |
_uhttp://bdh-rd.bne.es/viewer.vm?id=0000082582&page=1 _zBiblioteca Digital Hispánica |
|
| 999 |
_c153174 _d153174 |
||